El ser para la muerte /

La posibilidad más propia. La posibilidad intransferible: nadie puede morir por mí. La posibilidad aisladora. La posibilidad extrema. La muerte es la posibilidad que habita todas mis posibilidades. La muerte existe porque existe el Dasein. La muerte es siempre la posible imposibilidad de todos los p...

Descripción completa

Guardado en:
Autor Principal: Feinmann. José Pablo
Autor Corporativo: Canal Encuentro.
Formato: Deslizar
Publicado: Argentina, 2009
Series:Filosofía aquí y ahora - Temporada 2
Materias:
Acceso en línea:https://www.educ.ar/recursos/50235/el-ser-para-la-muerte
Etiquetas: Agregar Etiqueta
Sin Etiquetas, Sea el primero en etiquetar este registro!
LEADER 01468ngm a22003015g 4500
001 CEM.cems023361
008 130507s2009##################0###0#####d
005 20250328173353.0
245 1 0 |a El ser para la muerte /  |c José Pablo Feinmann. 
260 |a Argentina,  |c 2009 
300 |a 28'. 
490 0 |a Filosofía aquí y ahora - Temporada 2 
520 |a La posibilidad más propia. La posibilidad intransferible: nadie puede morir por mí. La posibilidad aisladora. La posibilidad extrema. La muerte es la posibilidad que habita todas mis posibilidades. La muerte existe porque existe el Dasein. La muerte es siempre la posible imposibilidad de todos los proyectos del Dasein. Pero son los proyectos de Dasein (su poder-ser, su estado de arrojo, su pro-yecto) los que tornan posible a la muerte. El ser-para-la-muerte como rasgo esencial de la existencia auténtica. 
538 |a Soporte: DVD - Color: Si - Grabación DRD. 
590 |a Identificación anterior registrada en SIABUC: D62B 
500 |a Consultar en ventanilla. 
100 1 |a Feinmann. José Pablo 
710 2 |a Canal Encuentro. 
082 1 0 |/ FEI-2 
653 |a FILOSOFIA 
653 |a FEINMANN 
653 |a FILOSOFIA AQUI Y AHORA 
653 |a MUERTE 
653 |a EXISTENCIALISMO 
653 |a DASEIN 
653 |a SERIE DE TELEVISIÓN 
856 |u https://www.educ.ar/recursos/50235/el-ser-para-la-muerte 
859 |a CEMS  |b BIB. CEMS - Depto. Recursos Didacticos  |h 100  |i FEI-2  |k DRD  |p 2004.15  |t Ej.1